GDP growth and convergence determinants in the European Union: a crisp-set analysis

Analýza ekonomického rastu a konvergencie v krajinách Európskej únie.

Gespeichert in:
Bibliographische Detailangaben
1. Verfasser: Ferreira, Paulo
Weitere Verfasser: Dionísio, Andreia
Format: Buchkapitel
Sprache:Englisch
Schlagworte:
Tags: Tag hinzufügen
Keine Tags, Fügen Sie das erste Tag hinzu!

MARC

LEADER 00000naa a2200000 4500
001 0227069
005 20230109134541.6
041 0 |a eng 
044 |a CZ 
245 1 0 |a GDP growth and convergence determinants in the European Union: a crisp-set analysis  |c Paulo Ferreira, Andreia Dionísio 
520 |a Analýza ekonomického rastu a konvergencie v krajinách Európskej únie. 
610 2 0 |a Európska únia 
610 2 0 |a rast hospodársky 
610 2 0 |a produkt domáci hrubý 
610 2 0 |a konvergencia 
610 2 0 |a analýza komparatívna 
100 1 |a Ferreira, Paulo 
700 1 |a Dionísio, Andreia